Pediatric and adolescent sports medicine /

Bibliographic Details
Other Authors: Micheli, Lyle J., 1940-
Format: Book
Language:English
Published: Boston : Little, Brown, [1984]
Edition:First edition.
Series:Little, Brown series in clinical pediatrics.
Subjects:

MARC

Tag First Indicator Second Indicator Subfields
LEADER 00000cam a2200000 a 4500
001 in00004459813
005 20191202121420.0
008 840314s1984 maua b 00110 eng d
010 |a  83081536  
020 |a 0316569496 
035 |a (OCoLC)10518901 
035 |9 AAB6706MS 
035 |z (UtOrBLW)5976 
035 |a 9200 
040 |a WUM  |c WUM  |d MDU  |d OCL  |d TMV  |d UtOrBLW 
049 |a TMVM  |c 1 
059 |l MS/BOOK STKS  |z 1  |t BOOK  |k CIRCULATING  |i 3238900112893  |n NL  |a QT 260  |b P371 1984 
060 4 |a QT 260  |b P371 1984 
245 0 0 |a Pediatric and adolescent sports medicine /  |c edited by Lyle J. Micheli. 
250 |a First edition. 
264 1 |a Boston :  |b Little, Brown,  |c [1984] 
264 4 |c ©1984 
300 |a xv, 218 pages :  |b illustrations ;  |c 25 cm. 
336 |a text  |2 rdacontent  |b txt 
337 |a unmediated  |2 rdamedia 
338 |a volume  |2 rdacarrier  |b nc 
490 1 |a Little, Brown series in clinical pediatrics 
504 |a Includes bibliographies and index. 
650 2 |a Sports Medicine  |x in infancy & childhood. 
650 2 |a Sports Medicine  |x in adolescence. 
650 2 |a Athletic Injuries  |x in infancy & childhood. 
650 2 |a Athletic Injuries  |x in adolescence. 
700 1 |a Micheli, Lyle J.,  |d 1940- 
830 0 |a Little, Brown series in clinical pediatrics. 
940 |a copy plain 
999 |a MARS 
999 f f |s 42cfdde3-bce6-3bc0-b984-fbfa141547c9  |i 988c20d5-ac1c-33d2-b46d-10c1eaac12ed  |t 0 
952 f f |p ric  |a Texas A&M University  |b Rellis Campus  |c Joint Library Facility  |d Remote Storage  |t 0  |e QT 260 P371 1984  |h National Library of Medicine classification  |i unmediated -- volume  |m 3238900112893 
998 f f |a QT 260 P371 1984  |t 0  |l Remote Storage